Voices of the talking stars : (Record no. 138555)

MARC details
000 -LEADER
fixed length control field 00676nam a22001937a 4500
005 - DATE AND TIME OF LATEST TRANSACTION
control field 20170330111954.0
010 ## - LCCN (DPL NO)
LC control number ENG-117641
020 ## - INTERNATIONAL STANDARD BOOK NUMBER
Terms of availability 450.00
International Standard Book Number 9789381345030
035 ## - SYSTEM CONTROL NUMBER
System control number EN-101173
037 ## - SOURCE OF ACQUISITION
Source of stock number/acquisition DBAD/PUB
082 ## - DEWEY DECIMAL CLASSIFICATION NUMBER
Classification number 791.436522
245 ## - TITLE STATEMENT
Title Voices of the talking stars :
Statement of responsibility, etc edited by Madhuja Mukherjee
Remainder of title women of Indian cinema and beyond /
260 ## - PUBLICATION, DISTRIBUTION, ETC. (IMPRINT)
Place of publication, distribution, etc New Delhi
Name of publisher, distributor, etc SAGE Publications
Date of publication, distribution, etc 2017
270 ## - ADDRESS
Address B1/1-1, Mohan Cooperative Industrial Area, Mathura Road,
City New Delhi
Postal code 110044
300 ## - PHYSICAL DESCRIPTION
Extent xv,194p.:
Dimensions 22cm(pbk)
Other physical details ill
500 ## - GENERAL NOTE
General note Includes bibliographical references
700 ## - ADDED ENTRY--PERSONAL NAME
Personal name Mukherjee,Madhuja
942 ## - ADDED ENTRY ELEMENTS (KOHA)
Source of classification or shelving scheme Dewey Decimal Classification
Item type English Books
Call number suffix MUK
Classification part 791.436522
Holdings
Withdrawn status Lost status Not for loan Collection code Home library Current library Date acquired Source of acquisition Cost, normal purchase price Full call number Barcode Copy number Cost, replacement price Koha item type
      Non-fiction Narela Narela 30/03/2017 DBAD/PUB 450.00 791.436522 MUK EN-101173 1 450.00 English Books

© Delhi Public Library
Hit Counter
free hit counter